[Event "SCO-ch op 128th"]
[Site "Dunfermline"]
[Date "2023.07.08"]
[Round "2"]
[White "Spencer, Edwin A"]
[Black "Boggarapu, Kritan"]
[Result "1-0"]
[WhiteElo "2098"]
[BlackElo "1864"]
[PlyCount "77"]
[EventDate "2023.07.07"]
[EventType "swiss"]
[EventRounds "5"]
[EventCountry "SCO"]
[SourceTitle "CBM 215 Extra"]
[Source "ChessBase"]
[SourceDate "2023.09.30"]
[SourceVersion "1"]
[SourceVersionDate "2023.09.30"]
[SourceQuality "1"]

1. e4 c5 2. Nf3 e6 3. d3 Nc6 4. g3 d5 5. Nbd2 Nf6 6. Bg2 Be7 7. 0-0 0-0 8. Re1 Re8 9. e5 Nd7 10. Nf1 f6 11. exf6 Nxf6 12. c3 Bd6 13. h3 e5 14. a3 a5 15. a4 Bd7 16. Qb3 Na7 17. Bg5 Bc6 18. Ne3 b5 19. Bxf6 Qxf6 20. Nxd5 Qe6 21. Ng5 c4 22. Nxe6 cxb3 23. Nec7 bxa4 24. Nxa8 Rxa8 25. Nb6 Bxg2 26. Kxg2 Rb8 27. Nc4 a3 28. Nxd6 a2 29. Rxe5 Nc6 30. Rc5 Rb6 31. Nc8 Ra6 32. Rxc6 Rxc6 33. Ne7+ Kf7 34. Nxc6 a4 35. Ne5+ Ke6 36. Nc4 Kd5 37. Kf3 g6 38. Ke3 h6 39. f4 1-0

[Event "SCO-ch 124th"]
[Site "Dundee"]
[Date "2017.07.21"]
[Round "7"]
[White "Spencer, Edwin A"]
[Black "Koehn, Lennart"]
[Result "0-1"]
[WhiteElo "2122"]
[BlackElo "1989"]
[PlyCount "50"]
[EventDate "2017.07.15"]
[EventType "swiss"]
[EventRounds "9"]
[EventCountry "SCO"]
[SourceTitle "CBM 179 Extra"]
[Source "ChessBase"]
[SourceDate "2017.08.23"]
[SourceVersion "1"]
[SourceVersionDate "2017.08.23"]
[SourceQuality "1"]

1. e4 c5 2. b4 cxb4 3. a3 d5 4. exd5 Qxd5 5. Nf3 e5 6. axb4 Bxb4 7. c3 Be7 8. Na3 Nc6 9. Nc4 Be6 10. Be2 Rc8 11. 0-0 e4 12. Ne1 Nf6 13. Nc2 0-0 14. N2e3 Qd7 15. f3 exf3 16. Rxf3 Rfd8 17. Qc2 b5 18. Na3 Nd4 19. cxd4 Rxc2 20. Naxc2 b4 21. Bb2 Ne4 22. Ne1 Nxd2 23. Rg3 Bh4 24. d5 Bxg3 25. dxe6 Qxe6 0-1

[Event "SCO-ch 119th"]
[Site "Glasgow"]
[Date "2012.07.14"]
[Round "8"]
[White "Kleboe, James PR"]
[Black "Spencer, Edwin A"]
[Result "1-0"]
[WhiteElo "1866"]
[BlackElo "2145"]
[PlyCount "147"]
[EventDate "2012.07.07"]
[EventType "swiss"]
[EventRounds "9"]
[EventCountry "SCO"]
[SourceTitle "EXT 2023"]
[Source "ChessBase"]
[SourceDate "2022.10.05"]
[SourceVersion "1"]
[SourceVersionDate "2022.10.05"]
[SourceQuality "1"]

1. d4 f5 2. Nf3 Nf6 3. g3 e6 4. Bg2 Be7 5. 0-0 0-0 6. b3 d6 7. Bb2 a5 8. c4 Ne4 9. Nfd2 Ng5 10. f4 Nf7 11. e4 Nd7 12. exf5 exf5 13. Na3 Nh6 14. Qc2 c6 15. Rae1 Bf6 16. Re2 a4 17. Rfe1 axb3 18. Nxb3 Nb6 19. d5 cxd5 20. Bxf6 Qxf6 21. c5 Na4 22. Bxd5+ Nf7 23. Nb5 dxc5 24. Nc7 Rb8 25. Re7 h6 26. Ne8 Qc3 27. Qxc3 Nxc3 28. Bxf7+ Rxf7 29. Rxf7 Kxf7 30. Nd6+ Kf6 31. Re8 Nxa2 32. Nxc5 b5 33. Nd7+ Bxd7 34. Rxb8 b4 35. Nc4 Ke6 36. Nb2 g5 37. Rb6+ Kd5 38. Rxh6 gxf4 39. gxf4 Ke4 40. Kf2 Kxf4 41. Nd3+ Kg5 42. Rb6 Nc3 43. Nxb4 f4 44. Rb7 Ne4+ 45. Ke1 Bf5 46. Rb5 Nc3 47. Ra5 Ne4 48. Nd3 f3 49. Nf2 Nd6 50. Rd5 Nf7 51. Ne4+ Kf4 52. Ng3 Bg6 53. Kf2 Ne5 54. Rd4+ Kg5 55. h4+ Kf6 56. Ke3 Bc2 57. Rf4+ Kg6 58. Kd4 Nc6+ 59. Kc3 Bd1 60. Kd2 Bb3 61. Rxf3 Bd5 62. Rd3 Bg2 63. Rd6+ Kh7 64. Ke3 Ne5 65. Kf4 Nf7 66. Rf6 Nd8 67. Nf5 Bd5 68. Ke5 Bb3 69. Rh6+ Kg8 70. Kf6 Nf7 71. Rg6+ Kf8 72. h5 Nh8 73. Rg7 Bc4 74. Rc7 1-0

[Event "SCO-ch 119th"]
[Site "Glasgow"]
[Date "2012.07.07"]
[Round "1"]
[White "Spencer, Edwin A"]
[Black "McNab, Colin Anderson"]
[Result "0-1"]
[WhiteElo "2145"]
[BlackElo "2445"]
[PlyCount "46"]
[EventDate "2012.07.07"]
[EventType "swiss"]
[EventRounds "9"]
[EventCountry "SCO"]
[SourceTitle "CBM 149 Extra"]
[Source "ChessBase"]
[SourceDate "2012.08.24"]
[SourceVersion "1"]
[SourceVersionDate "2012.08.24"]
[SourceQuality "1"]

1. e4 g6 2. Nc3 Bg7 3. f4 d6 4. Nf3 Nf6 5. Be2 c5 6. 0-0 Nc6 7. d3 0-0 8. Qe1 Rb8 9. h3 b5 10. Bd1 b4 11. Ne2 c4 12. Qh4 Qa5 13. Bd2 Ba6 14. Ne1 Nd7 15. e5 dxe5 16. f5 e4 17. Qxe4 Nc5 18. Qe3 Rbd8 19. f6 exf6 20. d4 Rfe8 21. dxc5 Rxe3 22. Bxe3 f5 23. c3 Bf8 0-1

[Event "Dundee & Angus op"]
[Site "Dundee"]
[Date "2012.??.??"]
[Round "2"]
[White "Grant, David"]
[Black "Spencer, Edwin A"]
[Result "0-1"]
[WhiteElo "1906"]
[BlackElo "2038"]
[PlyCount "60"]
[EventDate "2012.10.13"]
[EventType "swiss"]
[EventRounds "5"]
[EventCountry "SCO"]
[SourceTitle "EXT 2017"]
[Source "ChessBase"]
[SourceDate "2016.10.25"]
[SourceVersion "1"]
[SourceVersionDate "2016.10.25"]
[SourceQuality "1"]

1. e4 c5 2. c3 Nf6 3. e5 Nd5 4. d4 cxd4 5. cxd4 d6 6. Bc4 Nb6 7. Bb5+ Bd7 8. Bxd7+ Qxd7 9. Nf3 Nc6 10. 0-0 Rd8 11. Qe2 e6 12. Nc3 Be7 13. Rd1 0-0 14. Bf4 Nb4 15. Bg3 d5 16. Bh4 Bxh4 17. Nxh4 a6 18. f4 Nc4 19. a3 Nc6 20. Rd3 f5 21. Rad1 g6 22. Rg3 Rf7 23. Rdd3 Rg7 24. Nf3 b5 25. h4 b4 26. Na4 a5 27. Nc5 Qe7 28. Ng5 Nxd4 29. Qf2 Qxc5 30. axb4 Ne2+ 0-1

[Event "Dundee & Angus op"]
[Site "Dundee"]
[Date "2012.??.??"]
[Round "4"]
[White "Mayo, Kevin"]
[Black "Spencer, Edwin A"]
[Result "1/2-1/2"]
[WhiteElo "1836"]
[BlackElo "2038"]
[PlyCount "80"]
[EventDate "2012.10.13"]
[EventType "swiss"]
[EventRounds "5"]
[EventCountry "SCO"]
[SourceTitle "EXT 2017"]
[Source "ChessBase"]
[SourceDate "2016.10.25"]
[SourceVersion "1"]
[SourceVersionDate "2016.10.25"]
[SourceQuality "1"]

1. d4 f5 2. Nf3 Nf6 3. g3 e6 4. Bg2 Be7 5. 0-0 0-0 6. c4 d6 7. Nc3 Ne4 8. Qc2 Nxc3 9. Qxc3 Bf6 10. Qc2 Qe8 11. b3 Nc6 12. Bb2 Qg6 13. Rad1 e5 14. dxe5 dxe5 15. e3 Be6 16. Rd2 Rae8 17. Ba3 Rf7 18. Rfd1 Qh5 19. Ne1 e4 20. Bb2 g5 21. Bxf6 Rxf6 22. Qc3 Rh6 23. h3 f4 24. g4 Qf7 25. f3 Qf6 26. Qxf6 Rxf6 27. fxe4 fxe3 28. Re2 Ref8 29. Nd3 h5 30. gxh5 Rh6 31. Rxe3 Rxh5 32. Nc5 Bc8 33. Rg3 Ne5 34. Rd5 Nf7 35. Rd2 Rh6 36. e5 c6 37. Rf2 Nxe5 38. Rxg5+ Ng6 39. Be4 Rxf2 40. Kxf2 Kf7 1/2-1/2

[Event "Dundee & Angus op"]
[Site "Dundee"]
[Date "2011.10.16"]
[Round "5"]
[White "McPheator, Gary"]
[Black "Spencer, Edwin A"]
[Result "0-1"]
[WhiteElo "1705"]
[BlackElo "2046"]
[PlyCount "84"]
[EventDate "2011.10.14"]
[EventType "swiss"]
[EventRounds "5"]
[EventCountry "SCO"]
[SourceTitle "EXT 2017"]
[Source "ChessBase"]
[SourceDate "2016.10.25"]
[SourceVersion "1"]
[SourceVersionDate "2016.10.25"]
[SourceQuality "1"]

1. e4 c5 2. Nc3 a6 3. f4 b5 4. g3 Bb7 5. Bg2 e6 6. Nh3 d6 7. d3 Nc6 8. Be3 Nf6 9. 0-0 Be7 10. g4 h5 11. g5 Ng4 12. Bd2 Qb6 13. Qe1 Nb4 14. Rc1 c4+ 15. d4 Qxd4+ 16. Kh1 d5 17. Nf2 Qc5 18. Nxg4 hxg4 19. a3 Nc6 20. exd5 Nd4 21. Ne4 Qxd5 22. Nf6+ gxf6 23. Bxd5 Bxd5+ 24. Kg1 Bf3 25. Bb4 Ne2+ 26. Kf2 Rxh2+ 27. Ke3 fxg5 28. Rxf3 gxf3 29. Bxe7 gxf4+ 30. Kxf3 Kxe7 31. Qb4+ Kf6 32. Re1 Nd4+ 33. Ke4 Rd8 34. Qc5 Rd5 35. Qc7 Rh4 36. Rf1 Nf5 37. Kf3 Ne3 38. Ke2 Nxf1 39. Kxf1 Kg6 40. Qc6 a5 41. a4 Rh2 42. Ke1 f3 0-1

[Event "Edinburgh op"]
[Site "Edinburgh"]
[Date "2011.04.03"]
[Round "5"]
[White "Spencer, Edwin A"]
[Black "Grove, Michael"]
[Result "0-1"]
[WhiteElo "2169"]
[BlackElo "1776"]
[PlyCount "62"]
[EventDate "2011.04.01"]
[EventType "swiss"]
[EventRounds "5"]
[EventCountry "SCO"]
[SourceTitle "EXT 2013"]
[Source "ChessBase"]
[SourceDate "2012.11.22"]
[SourceVersion "1"]
[SourceVersionDate "2012.11.22"]
[SourceQuality "1"]

1. e4 e5 2. Nf3 Nc6 3. d4 exd4 4. Bc4 Nf6 5. 0-0 Nxe4 6. Re1 d5 7. Bxd5 Qxd5 8. Nc3 Qh5 9. Nxe4 Be6 10. Bg5 Bb4 11. c3 dxc3 12. bxc3 Ba5 13. Rb1 0-0 14. Qd2 f6 15. Bf4 Rad8 16. Qc2 Bb6 17. c4 Bg4 18. Ng3 Qf7 19. Qb3 Bxf3 20. Qxf3 Qxc4 21. Nf5 Rd7 22. Qg4 Kh8 23. h4 Ne5 24. Qg3 Nd3 25. Be3 Nxe1 26. Rxe1 Bxe3 27. Rxe3 g6 28. Ne7 Qc5 29. Nxg6+ hxg6 30. Qxg6 Rg7 31. Qh5+ Qxh5 0-1

[Event "Grangemouth Premier"]
[Site "Grangemouth"]
[Date "2010.09.12"]
[Round "5"]
[White "Mannion, Stephen R"]
[Black "Spencer, Edwin A"]
[Result "1-0"]
[WhiteElo "2372"]
[BlackElo "2169"]
[PlyCount "47"]
[EventDate "2010.09.10"]
[EventType "swiss"]
[EventRounds "5"]
[EventCountry "SCO"]
[SourceTitle "EXT 2023"]
[Source "ChessBase"]
[SourceDate "2022.10.05"]
[SourceVersion "1"]
[SourceVersionDate "2022.10.05"]
[SourceQuality "1"]

1. e4 e5 2. Nf3 Nc6 3. Bb5 f5 4. Nc3 fxe4 5. Nxe4 d5 6. Nxe5 dxe4 7. Nxc6 Qg5 8. Qe2 Nf6 9. Ne5+ c6 10. f4 Qxf4 11. d4 Qh4+ 12. g3 Qh3 13. Bc4 Be6 14. Bf4 0-0-0 15. 0-0-0 Bd6 16. Qf1 Rhf8 17. Re1 Bc7 18. c3 Rde8 19. Kb1 Nd5 20. Bxd5 cxd5 21. Qb5 Bg8 22. Qc5 Kb8 23. Rhf1 g5 24. Nc6+ 1-0

[Event "Oban op"]
[Site "Oban"]
[Date "2010.02.20"]
[Round "3"]
[White "Mannion, Stephen R"]
[Black "Spencer, Edwin A"]
[Result "1-0"]
[WhiteElo "2384"]
[BlackElo "2095"]
[PlyCount "59"]
[EventDate "2010.02.19"]
[EventType "swiss"]
[EventRounds "5"]
[EventCountry "SCO"]
[SourceTitle "EXT 2023"]
[Source "ChessBase"]
[SourceDate "2022.10.05"]
[SourceVersion "1"]
[SourceVersionDate "2022.10.05"]
[SourceQuality "1"]

1. e4 e5 2. Nf3 Nc6 3. Bb5 f5 4. Nc3 fxe4 5. Nxe4 Nf6 6. Nxf6+ Qxf6 7. Qe2 Be7 8. Bxc6 bxc6 9. Nxe5 c5 10. 0-0 Bb7 11. f4 0-0-0 12. d3 h5 13. Bd2 Rde8 14. Rae1 Bd8 15. Qf2 h4 16. h3 d6 17. Nc4 Rxe1 18. Rxe1 Kb8 19. b4 Rh6 20. Na5 Ba8 21. b5 Qf8 22. Bc3 Rg6 23. Nc6+ Bxc6 24. bxc6 d5 25. Qf3 Qd6 26. Re8 Kc8 27. Qh5 d4 28. Qf5+ Kb8 29. Qxg6 Qxg6 30. Rxd8# 1-0

[Event "Grangemouth Premier"]
[Site "Grangemouth"]
[Date "2009.09.06"]
[Round "4"]
[White "Haslinger, Stewart"]
[Black "Spencer, Edwin A"]
[Result "1-0"]
[WhiteElo "2529"]
[BlackElo "2155"]
[PlyCount "43"]
[EventDate "2009.09.04"]
[EventType "swiss"]
[EventRounds "5"]
[EventCountry "SCO"]
[SourceTitle "EXT 2023"]
[Source "ChessBase"]
[SourceDate "2022.10.05"]
[SourceVersion "1"]
[SourceVersionDate "2022.10.05"]
[SourceQuality "1"]

1. e4 e5 2. Nf3 Nc6 3. Nc3 g6 4. d4 exd4 5. Nxd4 Bg7 6. Be3 Nf6 7. Nxc6 bxc6 8. e5 Ng8 9. Bd4 Qe7 10. Qe2 Nh6 11. Ne4 Nf5 12. Bc3 0-0 13. Nf6+ Kh8 14. 0-0-0 Rb8 15. h4 c5 16. h5 Nd4 17. Rxd4 cxd4 18. hxg6 Bxf6 19. Rxh7+ Kg8 20. Qh5 Bg5+ 21. Kb1 Qxe5 22. gxf7+ 1-0

[Event "Grangemouth Premier"]
[Site "Grangemouth"]
[Date "2009.09.06"]
[Round "5"]
[White "Spencer, Edwin A"]
[Black "Grant, Alan"]
[Result "1/2-1/2"]
[WhiteElo "2155"]
[BlackElo "2236"]
[PlyCount "112"]
[EventDate "2009.09.04"]
[EventType "swiss"]
[EventRounds "5"]
[EventCountry "SCO"]
[SourceTitle "EXT 2023"]
[Source "ChessBase"]
[SourceDate "2022.10.05"]
[SourceVersion "1"]
[SourceVersionDate "2022.10.05"]
[SourceQuality "1"]

1. e4 c6 2. d4 d5 3. f3 e6 4. Nc3 Bb4 5. a3 Bxc3+ 6. bxc3 Ne7 7. Bd3 Nd7 8. c4 0-0 9. Ne2 c5 10. c3 dxc4 11. Bxc4 b6 12. 0-0 Bb7 13. Be3 Rc8 14. Rc1 Ng6 15. Rf2 Qe7 16. Qb3 Rc7 17. e5 Rfc8 18. Rff1 cxd4 19. cxd4 Nb8 20. Bd3 Rxc1 21. Rxc1 Rxc1+ 22. Bxc1 Nc6 23. Qa4 Qd7 24. Be4 a6 25. Qc4 b5 26. Qc5 Nge7 27. Nf4 h6 28. Bd2 Nc8 29. Be3 N6e7 30. Bb1 Qc6 31. Qb4 Nd5 32. Nxd5 Qxd5 33. Be4 Qd7 34. a4 Ne7 35. axb5 axb5 36. Bc1 Bxe4 37. fxe4 Nc6 38. Qd6 Qxd6 39. exd6 Kf8 40. Bb2 Ke8 41. d5 exd5 42. exd5 Nb4 43. Bxg7 h5 44. Kf2 Kd7 45. Kg3 Nxd5 46. Kh4 f6 47. Bh6 b4 48. Bc1 b3 49. g3 Kxd6 50. Kxh5 Ke6 51. h4 Kf7 52. Kg4 Ne3+ 53. Kf4 Nc4 54. g4 Ne5 55. Kf5 Nd3 56. Ba3 b2 1/2-1/2